Estadísticas para Argentina con un mapa vacío

Haz click aquí para intentar la prueba.

Estadísticas generales

  • Esta prueba ha sido intentada 735 veces
  • La puntuación promedio es 23 de 24

Respuestas en el mapa

Las respuestas están codificadas por una escala verde-roja en el mapa de la prueba según el % correcto abajo.
 

Estadísticas de respuestas

Provincias% Correcto
Buenos Aires
100%
Buenos Aires
100%
Córdoba
99%
Jujuy
97%
Mendoza
96%
Santa Fe
96%
La Pampa
95%
Misiones
95%
Tierra del Fuego
95%
Tucumán
95%
Rio Negro
94%
Salta
94%
San Luis
94%
Chubut
93%
Entre Rios
93%
Chaco
92%
Corrientes
92%
Formosa
92%
San Juan
92%
Neuquen
91%
Santa Cruz
91%
Santiago del Estero
91%
Catamarca
90%
La Rioja
88%

Distribución de puntuación

Porcentaje por número respondido

Porcentaje de gente con cada puntuación

Historial de tus puntuaciones

No has intentado esta prueba.